Regions of the US - Statistics

General Stats
  • This quiz has been taken 20 times
  • The average score is 23 of 25
Answer Stats
Region State % Correct
1) Aleutians Alaska
100%
14) Grand Canyon Arizona
100%
2) Silicon Valley California
100%
15) Napa wine country California
100%
3) The Keys Florida
100%
23) Big island Hawaii
100%
6) Cape Cod Massachusetts
100%
21) Big Sky country Montana
100%
10) The Hamptons New York
100%
16) Catskills New York
100%
24) Finger Lakes New York
100%
8) Green Mountains Vermont
100%
13) Bluegrass region Kentucky
95%
19) Mississippi Delta Louisiana
95%
11) Upper Peninsula Michigan
95%
5) Research Triangle North Carolina
95%
18) Outer Banks North Carolina
95%
25) Country music land Tennessee
95%
22) Willamette valley Oregon
89%
4) T____ Hill Country Texas
89%
7) Poconos Pennsylvania
84%
12) Badlands South Dakota
84%
17) Black Hills South Dakota
84%
20) White Mountains New Hampshire
74%
9) Tidewater Virginia
68%
No matching quizzes found
Score Distribution
Percent of People with Each Score
Percentile by Number Answered
Your Score History
You have not taken this quiz